000 00754nam a22002057a 4500
005 20180801161800.0
010 _aENG-123664
020 _a9789386906410
_c3000.00
035 _aEN-107196
037 _bDBAD/PUB
082 _a230.3
100 _aPlotkin, Leonid
245 _aNostalgia for eternity:
_cby Leonid Plotkin; forewarded by Wendy Doniger
_bjourneys in religion, history, and myth on the indian subcontinent /
260 _aNew Delhi
_bNiyogi Books
_c2018
270 _aBlock D, Building No. 77, Okhla Industrial Area, Phase-I
_bNew Delhi
_e110020
300 _axii,365p.
_c27cm (Hb)
_bill.picture
500 _aIt includes notes, bibliography and index
700 _aDoniger, Wendy
942 _2ddc
_cEN
_mPLO
_h230.3
999 _c155282
_d155282